00927nam a22001697a 4500003000900000008004100009040007100050082002400121100002600145245005500171260008800226300002600314505036700340650002100707650001300728650001600741AR-CdUCM190304b ||||| |||| 00| 0 spa d aMUNICIPALIDAD PROVINCIAL DEL CUSCOcBIBLIOTECA MUNICIPAL DEL CUSCO 22ed.a985.14 /bP33 aPaz Esquerre, Eduardo aTradición oral del departamento de la libertad / aTrujillo :bServicios Gráficos de la Sociedad de Beneficencia de Trujillo,c1992. a110 paginas ;c21 cm. aContenido :Tradición oral sobre los reyes del imperio chimu en chanchan, desde sus orígenes -- El tema tradicional del paraíso subterraneo en el departamento de la libertad -- Tradiciones simbólicas sobre lagunas en el departamento de la libertad -- Los patos de oro de la huaca el castillo -- La mujer encantada de la laguna del cerro orcon chiguala ... aTradición oral aLeyendas aLa libertad